| 000 | 01605nam a2200397 c 4500 | ||
|---|---|---|---|
| 003 | BLK | ||
| 005 | 20180420214640.0 | ||
| 008 | 180412b bul|||||r ||||||| ||bul|| | ||
| 010 | _aKNG00012980000 | ||
| 020 |
_a954-607-046-7 _bиздат.: Лик |
||
| 040 | _aBLK | ||
| 041 |
_aBUL _cBUL |
||
| 080 |
_aЕкзистенциализъм _b141.32 _x(430) _z141.32(430) |
||
| 080 |
_aОбщество. Социална структура _b316.3 _x _z316.3 |
||
| 100 | 1 |
_aЯсперс, Карл _eпърви автор _9146122 |
|
| 700 | 1 |
_aГеоргиев, Никола _eпрев. от нем. _gАндреев, Никола Георгиев _9252060 |
|
| 139 |
_aЯсперс, Карл _bЯ 94 |
||
| 245 | 1 | 0 |
_aДуховната ситуация на времето _cКарл Ясперс; прев. от нем. Никола Георгиев. |
| 257 | _aDEU | ||
| 260 |
_аСофия _bЛик _c1996 |
||
| 300 |
_a207 с. _c20 см |
||
| 380 | _a1 | ||
| 490 | 1 |
_aБиблиотека Касталия _v№ 25 |
|
| 500 | _aПрев. е направен по Die Geistige Situation der Zeit / Karl Jaspers. - 1 000 тир. | ||
| 650 | 4 |
_aЕкзистенциализъм - Германия _9256507 |
|
| 650 | 4 |
_aОбщество - философски проблеми _9246162 |
|
| 651 | 4 |
_aГермания _9178754 |
|
| 653 | _aобщество | ||
| 653 | _aфилософски проблеми | ||
| 653 | _aекзистенциализъм | ||
| 852 | _aЦб 189397 | ||
| 856 | 4 |
_qpdf _u |
|
| 856 | 4 |
_qpdf _u |
|
| 942 |
_cKNG _n0 |
||
| 944 |
_aCR _c15.01.2003 _lф / _kЛюдмила_Стоянова |
||
| 944 |
_aED _c13.06.2014 _lф / _k |
||
| 999 |
_c11441 _d11441 |
||